Top 25 Biggest Cities in the US in 1790 - Statistics

General Stats
  • This quiz has been taken 29 times
  • The average score is 10 of 25
Answer Stats
Hint Answer % Correct
13,503 Baltimore
100%
18,320 Boston
100%
33,131 New York
100%
28,522 Philadelphia
100%
16,359 Charleston
84%
6,380 Providence
79%
3,761 Richmond
68%
7,921 Salem
68%
4,487 New Haven
63%
3,498 Albany
58%
6,716 Newport
37%
4,720 Portsmouth
32%
3,762 Lancaster
26%
5,317 Gloucester
21%
3,313 New Bedford
21%
4,837 Newburyport
16%
5,661 Marblehead
11%
11,942 Norwalk
11%
5,661 Southwark
11%
3,290 Beverly
5%
4,526 Middleborough
5%
4,131 South Kingstown
5%
3,804 Taunton
5%
4,555 Sherburne
0%
3,171 Smithfield
0%
No matching quizzes found
Score Distribution
Percent of People with Each Score
Percentile by Number Answered
Your Score History
You have not taken this quiz